Pearson NEET Foundation Physics, Chemistry Biology (Record no. 215982)
[ view plain ]
| 000 -LEADER | |
|---|---|
| fixed length control field | 00640nam a22001937a 4500 |
| 005 - DATE AND TIME OF LATEST TRANSACTION | |
| control field | 20260427123841.0 |
| 010 ## - LCCN (DPL NO) | |
| LC control number | ENG-147851 |
| 020 ## - INTERNATIONAL STANDARD BOOK NUMBER | |
| International Standard Book Number | 9789371369527 |
| Terms of availability | 820.00 |
| 035 ## - SYSTEM CONTROL NUMBER | |
| System control number | EN-131383 |
| 037 ## - SOURCE OF ACQUISITION | |
| Source of stock number/acquisition | DBAD |
| 082 ## - DEWEY DECIMAL CLASSIFICATION NUMBER | |
| Edition number | 3 |
| Classification number | 541.3 |
| 245 ## - TITLE STATEMENT | |
| Title | Pearson NEET Foundation Physics, Chemistry Biology |
| 250 ## - EDITION STATEMENT | |
| Edition statement | 3 |
| 260 ## - PUBLICATION, DISTRIBUTION, ETC. (IMPRINT) | |
| Place of publication, distribution, etc | Uttar Pradesh |
| Name of publisher, distributor, etc | Pearson India Education Services Pvt. Ltd. |
| Date of publication, distribution, etc | 2026 |
| 270 ## - ADDRESS | |
| Address | 1st Floor, Berger Tower, Plot No. C-001A/2, Sector 16B, Noida - 201 301, Uttar Pradesh, India. |
| 300 ## - PHYSICAL DESCRIPTION | |
| Extent | vpp. |
| Dimensions | 25cm(pb) |
| 500 ## - GENERAL NOTE | |
| General note | Based on NCERT Curriculum Class 9 |
| 942 ## - ADDED ENTRY ELEMENTS (KOHA) | |
| Source of classification or shelving scheme | Dewey Decimal Classification |
| Item type | English Books |
| Edition | 3 |
| Classification part | 541.3 |
| Call number suffix | PEA |
| Withdrawn status | Lost status | Not for loan | Collection code | Home library | Current library | Date acquired | Source of acquisition | Cost, normal purchase price | Full call number | Barcode | Copy number | Cost, replacement price | Koha item type |
|---|---|---|---|---|---|---|---|---|---|---|---|---|---|
| Non-fiction | Sarojini Nagar | Sarojini Nagar | 27/04/2026 | Delivery of Books Act Division | 820.00 | 541.3 PEA | EN-131383 | 1 | 820.00 | English Books |
